Villes de Petite Couronne par image - Statistiques

Statistiques générales
  • Ce quiz a été pris 16 fois
  • Le résultat moyen est 9 sur 20
Statistiques - réponses
Par images Réponse % Correct
Rungis
93%
Créteil
79%
Bondy
71%
Saint-Denis
71%
Levallois-Perret
57%
Nanterre
57%
Arcueil
50%
Noisy-le-Grand
50%
Orly
50%
Alfortville
43%
Saint-Ouen
43%
Vincennes
43%
Clichy-sous-Bois
36%
Gennevilliers
36%
Colombes
29%
Ivry-sur-Seine
29%
Pantin
29%
Sceaux
29%
Montreuil
21%
Boulogne-Billancourt
14%
Aucun quiz correspondant
Distribution des résultats
% des personnes avec chaque résultat
Percentile par nombre de réponses
Votre historique - résultats
Vous n’avez pas pris ce quiz